Israel's only shepherd : Matthew's shepherd motif and his social setting /
Despite being recognized as the most 'Jewish' Gospel, many argue that Matthew was penned by someone who sought to distance himself from Judaism. Scholars have used diverse approaches for determining the relationship between Matthew and the variegated Judaism of the first century, but few r...
| Main Author: | |
|---|---|
| Format: | Book |
| Language: | English |
| Published: |
London ; New York :
T&T Clark International,
[2012]
|
| Series: | Library of New Testament studies ;
457. T & T Clark library of biblical studies. |
| Subjects: |
MARC
| Tag | First Indicator | Second Indicator | Subfields |
|---|---|---|---|
| LEADER | 00000cam a2200000Ia 4500 | ||
| 001 | in00002749621 | ||
| 005 | 20151202170659.0 | ||
| 008 | 110728s2012 enka b 000 0 eng d | ||
| 010 | |a 2011278047 | ||
| 020 | |a 9780567066619 | ||
| 020 | |a 0567066614 | ||
| 035 | |a (OCoLC)ocn744289314 | ||
| 040 | |a BTCTA |c BTCTA |d YDX |d HLS |d DTM |d ICZ |d BWX |d UtOrBLW | ||
| 049 | |a TXAM | ||
| 082 | 0 | |a 226.206 |2 23 | |
| 090 | |a BS680.P35 |b B39 2012 | ||
| 100 | 1 | |a Baxter, Wayne. | |
| 245 | 1 | 0 | |a Israel's only shepherd : |b Matthew's shepherd motif and his social setting / |c Wayne Baxter. |
| 264 | 1 | |a London ; |a New York : |b T&T Clark International, |c [2012] | |
| 264 | 4 | |c ©2012 | |
| 300 | |a xi, 216 pages : |b illustrations ; |c 24 cm. | ||
| 336 | |a text |b txt |2 rdacontent | ||
| 337 | |a unmediated |b n |2 rdamedia | ||
| 338 | |a volume |b nc |2 rdacarrier | ||
| 490 | 1 | |a The library of New Testament studies ; |v 457 | |
| 490 | 1 | |a T & T Clark library of biblical studies | |
| 504 | |a Includes bibliographical references (pages [205]-207) and indexes. | ||
| 505 | 0 | |a General introduction -- pt. 1. The shepherd metaphor in literature related to Matthew. The Hebrew Bible -- The text of NCB Jews, Romans, and Christ-believers -- pt. 2. Matthew's shepherd motif and its socio-religious implications. A literal analysis of Matthew's shepherd motif -- Matthew's socio-religious orientation -- Conclusions. | |
| 520 | |a Despite being recognized as the most 'Jewish' Gospel, many argue that Matthew was penned by someone who sought to distance himself from Judaism. Scholars have used diverse approaches for determining the relationship between Matthew and the variegated Judaism of the first century, but few recognize the important piece that the Evangelist's Christology, in particular the shepherd motif, brings to the puzzle of his socio-religious orientation. Wayne Baxter contends that there are distinctive tendencies in the shepherd metaphor's appropriation by non-Christ-believing Jewish and Graeco-Roman authors as well as Christ-believing authors approximately contemporary with Matthew, which reflect distinct patterns of thought. By comparing these uses of the shepherd metaphor Baxter unearths clues about the Evangelist's socio-religious orientation. Baxter is able to use this to determines the metaphor's contribution to the overall theological framework of the Gospel, specifically, its Christology, soteriology and the Evangelist's view of mission. Moreover, he is able to ascertain Matthew's socio-religious orientation, and thus, and its implications for the debate surrounding the 'parting of the ways' between Judaism and Christianity. | ||
| 630 | 0 | 0 | |a Bible. |p Matthew |x Theology. |
| 650 | 0 | |a Shepherds in the Bible. | |
| 830 | 0 | |a Library of New Testament studies ; |v 457. | |
| 830 | 0 | |a T & T Clark library of biblical studies. | |
| 945 | |a PromptCat |b 871508 | ||
| 946 | |a stk | ||
| 947 | |a A14835966416 | ||
| 948 | |a cataloged |b h |c 2012/5/18 |d c |e dmitchel |f 12:44:18 pm | ||
| 994 | |a 92 |b TXA | ||
| 999 | |a MARS | ||
| 999 | f | f | |s 45961733-aea3-3e96-94d2-634d35873a18 |i e5ce28cb-fed0-3f5e-967f-bc1eb492e19a |t 0 |
| 952 | f | f | |p normal |a Texas A&M University |b College Station |c Sterling C. Evans Library |d Evans: Library Stacks |t 0 |e BS680.P35 B39 2012 |h Library of Congress classification |i unmediated -- volume |m A14835966416 |
| 998 | f | f | |a BS680.P35 B39 2012 |t 0 |l Evans: Library Stacks |